Т. 2; Труды Геологического музея

Dettagli Bibliografici
Parent link:Труды Геологического музея: [сборник]/ Академия наук СССР (АН СССР), Геологический музей. Т. 2.— , 1925-
Altri autori: Левинсон-Лессинг Ф. Ю. Франц Юльевич (редактор)
Lingua:russo
Pubblicazione: 1927
Soggetti:
Natura: MixedMaterials Libro
KOHA link:https://koha.lib.tpu.ru/cgi-bin/koha/opac-detail.pl?biblionumber=329011

MARC

LEADER 00000nam2a2200000 4500
001 329011
005 20231102004123.0
035 |a (RuTPU)RU\TPU\book\354751 
035 |a RU\TPU\book\354750 
090 |a 329011 
100 |a 20170302d1927 k y0rusy50 ca 
101 0 |a rus 
102 |a RU 
105 |a a z 001zy 
200 0 |a Т. 2  |f отв. ред. Ф. Ю. Левинсон-Лессинг 
210 |d 1927 
215 |a 135 с.  |c ил.  |e 2 табл., 1 карта 
320 |a Библиогр. в тексте 
461 1 |0 (RuTPU)RU\TPU\book\316065  |t Труды Геологического музея  |o [сборник]  |f Академия наук СССР (АН СССР), Геологический музей  |v Т. 2  |d 1925-  
606 1 |a Геология  |2 stltpush  |3 (RuTPU)RU\TPU\subj\6095  |9 34054 
606 1 |a Палеонтология  |2 stltpush  |3 (RuTPU)RU\TPU\subj\47998  |9 66880 
610 1 |a библиотека М. А. Усова 
610 1 |a ископаемые животные 
610 1 |a китообразные 
610 1 |a Кавказ 
610 1 |a альбские отложения 
610 1 |a Мангышлак 
610 1 |a ископаемые растения 
610 1 |a стратиграфия 
675 |a 55  |v 4 
675 |a 56  |v 4 
702 1 |a Левинсон-Лессинг  |b Ф. Ю.  |c геолог и петрограф  |c академик АН СССР (с 1925)  |c директор Почвенного института АН СССР (1926-1929)  |c директор Петрографического института АН СССР (1930-1937)  |f 1861-1939  |g Франц Юльевич  |2 stltpush  |3 (RuTPU)RU\TPU\pers\21902  |4 340  |9 9239 
801 1 |a RU  |b 63413507  |c 20170302 
801 2 |a RU  |b 63413507  |c 20170323  |g RCR 
942 |c BK